Abgelehnte Vornamen - Statistiken

Allgemein
  • Dieses Quiz wurde 85 mal gespielt
  • Das Durchschnittsergebnis liegt bei 9 aus 20
Antwortstatistiken
# Hint Name % Korrekt
P Märchenfigur mit langer Nase Pinocchio
89%
B Donner und ... Blitz
85%
P Süßigkeit aus Maiskörnern Popcorn
85%
P Englisch für "Erdnuss" Peanut
83%
F Italienischer Sportwagenhersteller Ferrari
82%
B Superhelden-Alias von Bruce Wayne Batman
76%
K Titel des Staatsoberhaupts von z.B. Spanien und Dänemark König
74%
K Titel des Staatsoberhaupts von Österreich-Ungarn Kaiser
71%
L Gefallener Engel Lucifer
69%
H Flieder / Heil- und Nahrungspflanze mit schwarzen Beeren Holunder
50%
U Dinosaurier aus der Augsburger Puppenkiste Urmel
49%
M Mischung aus Disneys Maskottchen und einem österreichischen Formel-1-Fahrer Mickilauda
24%
G Titel des Staatsoberhaupts von Luxemburg Großherzog
21%
B Italienisch für "Räuber" Bandito
19%
S Schlaksiger bester Freund von Scooby-Doo Shaggy
19%
T Top-Level-Domain von Tadschikistan / Deutscher YouTuber TJ
13%
W Theaterviertel Londons Westend
10%
C "Weibliche Form" des Zustands vollkommener Unordnung Chaotica
8%
E Magnetit oder Limonit / Regisseur des Films "Panzerkreuzer Potemkin" Eisenstein
6%
K Verniedlichte Bezeichnung eines kleinen Kindes Knirpsi
0%
Keine übereinstimmenden Quizze gefunden
Verteilung der Resultate
Anzahl Personen mit jedem Resultat
Perzentil nach korrekt beantworteten Fragen
Ihre Resultats-Entwicklung
Sie haben dieses Quiz noch nicht gespielt